000 01199naa a22003377a 4500
001 BR8005134
003 BR-BrBNA
005 20240918174647.0
007 ta
008 230509b bl.||||| |||| 00| 0 por d
040 _aBR-BrBNA
_bpor
_cBiblioteca Nacional de Agricultura
041 _a(En)
072 _aK10; F30
_b3103
_bG132
_bG354
090 _aK10 BR8005134
100 1 _aDyson, W.G.
111 1 _a1. Encontro da IUFRO
_cCuritiba, PR (Brazil)
_d21 Oct 1979
245 1 _aExperimental plantings of Araucaria spp. in East Africa and Costa Rica [reflorestamento, comportamento de variedade, reproducao vegetal]
260 3 _aCuritiba, PR (Brasil):
_c1980.
500 _aProblemas Florestais do Genero Araucaria Curitiba, PR (Brasil): 1980. p. 177-180 (BR8005134-AM)K10
650 _aARAUCARIA
650 _aPINHEIRO
650 _aPLANTIO
650 _aREFLORESTAMENTO
650 _aCOMPORTAMENTO DE VARIEDADE
650 _aREPRODUCAO VEGETAL
650 _aAFRICA ORIENTAL
650 _aCOSTA RICA
773 0 _tProblemas Florestais do Genero Araucaria
_wK10 BR8005134
_gCuritiba, PR (Brasil), 1980. p. 177-180
909 _a202404
_bLucia
_c55
_dLucia Elande
942 _cAM
_2AGRIS
999 _c312676
_d312676